Pojazdy w BeamNG.drive - Statystyki

Ogólne statystyki
  • Ten quiz został rozwiązany 52 razy
  • Średni wynik to 18 z 36
Statystyki odpowiedzi
Producent Model % Poprawnych
Bruckell Bastion
81%
Civetta Bolide
81%
Autobello Piccolina
81%
FPU Wydra
78%
Gavril D-Series
73%
ETK I-Series
73%
Ibishu Pessima
73%
Hirochi Sunburst
73%
ETK 800 Series
70%
ETK K-Series
70%
Gavril T-Series
68%
Ibishu Covet
62%
Civetta Scintilla
59%
Autobello Stambecco
59%
Cherrier Vivace
57%
Soliad Wendover
57%
Gavril Barstow
51%
Bruckell LeGran
51%
Ibishu Pigeon
49%
Burnside Special
49%
Gavril H-Series
46%
Ibishu 200BX
43%
Cherrier Tograc
43%
Bruckell Moonhawk
41%
Ibishu Wigeon
38%
Gavril Grand Marshal
35%
Ibishu Hopper
35%
Gavril Roamer
35%
Hirochi SBR4
35%
Soliad Lansdale
32%
Ibishu Miramar
30%
Hirochi Aurata
27%
SP Rockbasher
24%
SP Dunekicker
19%
Gavril Bluebuck
16%
Wendover DT40L
14%
Nie znaleziono quizów pasujących do podanych kryteriów
Rozkład punktacji
Procent ludzi z każdym wynikiem
Percentyl według liczby udzielonych odpowiedzi
Twoja historia wyników
Nie rozwiązałeś tego quizu